000
00273nam a2200109Ia 4500
008
190912s9999||||xx |||||||||||||| ||und||
100
_a
W. Haynes
245
0
_a
Principles Of Management and Entrepreneurship
260
_a
India
_b
Prentice
_c
1999
300
_a
630
942
_c
BK
999
_c
7137
_d
7137